Bảo vệ môi trường du lịch
Spremljeno u:
| Daljnji autori: | , , , |
|---|---|
| Format: | Knjiga |
| Izdano: |
Tp. Hồ Chí Minh
Công Nghiệp
2015
|
| Teme: | |
| Oznake: |
Dodaj oznaku
Bez oznaka, Budi prvi tko označuje ovaj zapis!
|
| Thư viện lưu trữ: | Trung tâm Học liệu Lê Vũ Hùng, Trường Đại học Đồng Tháp |
|---|
| LEADER | 01048pam a22003738a 4500 | ||
|---|---|---|---|
| 001 | 00034954 | ||
| 005 | 20171026081025.0 | ||
| 008 | 161109s2015 ||||||Viesd | ||
| 041 | 0 | # | |a Vie |
| 082 | 1 | 4 | |a 363.7 |b B108V |
| 245 | 1 | 0 | |a Bảo vệ môi trường du lịch |c Lê Huy Bá; Võ Đình Long; Thái Vũ Bình;Thái Thành Lượm |
| 260 | # | # | |a Tp. Hồ Chí Minh |b Công Nghiệp |c 2015 |
| 300 | # | # | |a 1080 tr. |c 27 cm. |
| 653 | # | # | |a Du lịch |
| 653 | # | # | |a Bảo vệ |
| 653 | # | # | |a Môi trường |
| 653 | # | # | |a Ô nhiễm |
| 700 | 1 | # | |a Lê, Huy Bá |
| 700 | 1 | # | |a Thái, Thành Lượm |
| 700 | 1 | # | |a Thái, Vũ Bình |
| 700 | 1 | # | |a Võ,Đình Long |
| 852 | # | # | |b Kho mượn |j KM.0019607 |
| 852 | # | # | |j KD.0018804 |b Kho đọc |
| 852 | # | # | |j KD.0018804 |j KM.0019607 |
| 910 | |d 09/11/2016 | ||
| 980 | # | # | |a Trung tâm Học liệu Lê Vũ Hùng, Trường Đại học Đồng Tháp |